Statistics for Most Popular 100 Girls Name in the UK - 2020

Click here to take the quiz!

General Stats

  • This quiz has been taken 49 times
  • The average score is 48 of 100

Answer Stats

Answer% Correct
1OOlivia
98%
89AAnna
90%
43EEliza
85%
56EElizabeth
80%
91LLilly
80%
7LLily
80%
4AAva
78%
20CCharlotte
78%
15EEmily
78%
27AAlice
75%
2AAmelia
75%
26SSophie
75%
60EEmma
73%
11GGrace
73%
3IIsla
70%
23SSofia
70%
10SSophia
70%
16EElla
68%
8IIsabella
68%
61RRose
68%
75HHannah
65%
69LLucy
65%
5MMia
65%
30RRuby
65%
46CChloe
63%
67EEllie
63%
71MMaria
63%
35EEva
60%
6IIvy
60%
73ZZara
60%
19EElsie
58%
21EEvelyn
58%
28HHarper
58%
34IIsabelle
58%
37JJessica
58%
54MMolly
58%
9RRosie
58%
24DDaisy
55%
14FFlorence
55%
77IIris
55%
48VViolet
53%
13WWillow
53%
87AAbigail
50%
18EEvie
50%
84GGeorgia
50%
99OOlive
50%
44PPenelope
50%
25PPhoebe
50%
39AAria
48%
85EEdith
48%
53EEleanor
48%
42EEsme
48%
12FFreya
48%
36LLuna
48%
33MMillie
48%
17PPoppy
48%
83AAmber
45%
38AAda
43%
63BBella
43%
81HHolly
43%
32MMaya
43%
76GGracie
40%
55HHarriet
40%
78JJasmine
40%
51LLayla
40%
65LLola
40%
41MMaisie
40%
22SSienna
40%
82AAmelie
38%
58EErin
38%
29MMatilda
38%
50SScarlett
38%
90CClara
35%
95HHeidi
35%
68MMabel
35%
47MMila
35%
31EEmilia
33%
94MMaeve
30%
40AArabella
28%
62DDelilah
28%
66NNancy
28%
93SSummer
28%
57TThea
28%
64AAurora
25%
86MMaryam
25%
98EEden
23%
52IImogen
23%
59LLottie
23%
97LLyla
23%
92LLyra
23%
80MMargot
20%
72OOrla
20%
74RRobyn
20%
100AAisha
18%
45BBonnie
18%
79DDarcie
18%
49HHallie
18%
70AAyla
13%
96EElodie
10%
88MMyla
10%

Score Distribution

Percentile by Number Answered

Percent of People with Each Score

Your Score History

You have not taken this quiz